Breakthrough on the color front.

Bibliographic Details
Main Author: Nichols, Lee, 1915-
Format: Book
Language:English
Published: New York : Random House, [1954]
Subjects:

MARC

Tag First Indicator Second Indicator Subfields
LEADER 00000cam a2200000 4500
001 in00000064533
005 20160104151743.0
008 750408s1954 nyu b 00000 eng
010 |a  53009713  
035 |a (OCoLC)01260984 
035 |9 AAF9156AM 
040 |a DLC  |c IRU  |d TXA  |d UtOrBLW 
049 |a TXAM  |c [283948] 
050 0 0 |a E185.63  |b .N5 
090 |a E185.63  |b .N5 1954 
092 |a 325.26  |b N619b 
100 1 |a Nichols, Lee,  |d 1915- 
245 1 0 |a Breakthrough on the color front. 
264 1 |a New York :  |b Random House,  |c [1954] 
300 |a 235 pages ;  |c 21 cm. 
336 |a text  |b txt  |2 rdacontent 
337 |a unmediated  |b n  |2 rdamedia 
338 |a volume  |b nc  |2 rdacarrier 
504 |a Includes bibliography. 
650 0 |a Race relations. 
651 0 |a United States  |x Armed Forces  |x African Americans. 
999 |a MARS 
999 f f |s eb78be02-5fbe-3d3b-b006-40482d8f90b7  |i 02d7545b-dd52-3f2a-a198-55b6c47f37c4  |t 0 
952 f f |p ric  |a Texas A&M University  |b Rellis Campus  |c Joint Library Facility  |d Remote Storage  |t 0  |e E185.63 .N5 1954  |h Library of Congress classification  |i unmediated -- volume  |m A14800670349 
998 f f |a E185.63 .N5 1954  |t 0  |l Remote Storage